| 000 | 00836nam a2200229 i 4500 | ||
|---|---|---|---|
| 001 | bg | ||
| 003 | BPK | ||
| 005 | 20210128083511.0 | ||
| 008 | 101010s1987 gw f |000 0 ger d | ||
| 020 | _a3323000854 | ||
| 040 | _cBPK | ||
| 041 | 0 | _ager | |
| 080 | _a811.112.2'27/'37 | ||
| 245 | 0 | 0 |
_aWortschatz der deutschen Sprache in der DDR : _bFragen seines Aufbaus und seiner Verwendungsweise / _cvon einem Autorenkollektiv unter Leitung von Wolfgang Fleischer. |
| 260 |
_aLeipzig : _bVEB Bibliographisches Institut Leipzig, _c1987. |
||
| 300 |
_a366 s. ; _c22 cm. |
||
| 504 | _aBibliogr. | ||
| 650 | 4 |
_aJęzyk niemiecki _xsłownictwo. |
|
| 700 | 1 |
_aFleischer, Wolfgang _d(1922-1999) _eRedakcja |
|
| 856 |
_uhttp://koha.tu.koszalin.pl/cgi-bin/koha/opac-detail.pl?biblionumber=45571 _yKatalog online BPK |
||
| 942 |
_cKS _2UKD |
||
| 999 |
_c45571 _d45571 |
||